Textbook of Operation Theater Nursing/ (Record no. 1793)

MARC details
000 -LEADER
Fixed length control field 00550nam a22002057a 4500
003 - CONTROL NUMBER IDENTIFIER
Control field IIN
005 - DATE AND TIME OF LATEST TRANSACTION
Control field 20250505115954.0
008 - FIXED-LENGTH DATA ELEMENTS--GENERAL INFORMATION
Fixed length control field 250505b2014 |||ad||| |||| 001 0 eng d
020 ## - INTERNATIONAL STANDARD BOOK NUMBER / ISBN
International Standard Book Number 9789351522270
Price Rs.1275.00
040 ## - CATALOGING SOURCE
Original cataloging agency IIN
082 ## - DEWEY DECIMAL CLASSIFICATION NUMBER
Classification number 610.73677
Book Number CLE
100 ## - MAIN ENTRY--PERSONAL NAME
Personal name Clement, I.
245 ## - TITLE STATEMENT
Title Textbook of Operation Theater Nursing/
Statement of responsibility I. Clement
260 ## - IMPRINT
Place of publication New Delhi
Name of publisher Jaypee
Date of publication 2014
300 ## - PHYSICAL DESCRIPTION
Page / Vol. No xxx, 912 p.
Other physical details ill.
500 ## - GENERAL NOTE
General note Includes Index
650 ## - SUBJECT ADDED ENTRY--TOPICAL TERM
Topical term Operation Theatre
Form subdivision Nursing
650 ## - SUBJECT ADDED ENTRY--TOPICAL TERM
Topical term Medical Surgical
Form subdivision Nursing
942 ## - ADDED ENTRY ELEMENTS (KOHA)
Koha item type Books
Holdings
Withdrawn status Lost status Source of classification Damaged status Not for loan Collection code Home library Current library Shelving location Date acquired Price Total Checkouts Call number Accession number Date last seen Price effective from Koha item type
    Dewey Decimal Classification     Purches Book IDEAL INSTITUTE OF NURSING IDEAL INSTITUTE OF NURSING General Stacks 11/03/2025 650.00   610.73677 CLE 1985 05/05/2025 05/05/2025 Books
© Ideal Institute Of Nursing, All rights reserved.         Powered by Koha